000 00806nmc a2200301 a 4500
003 AR-BaBNM
005 20251128211430.0
008 144020s1999 ||||||||||||||000 | spa||
020 _a0-582-37174-0
040 _cAR-BaBNM
100 1 _aLaird, Elizabeth
245 1 0 _aKaren and the artist
260 _aEssex
_bPearson Education Limited
_c1999
300 0 _a16 p.
_bil.
490 0 _aPenguin readers. Level 1
_vv. 1
650 4 _aLITERATURA INGLESA
650 4 _aINGLES
650 4 _aACTIVIDADES DE APRENDIZAJE
650 4 _aENSENANZA DE SEGUNDA LENGUA
653 0 _aLITERATURA JUVENIL
653 0 _aADAPTACIONES LITERARIAS
655 _aLITERATURA
700 1 _aJones, Stephen
_eilustrador
800 1 _aHopkins, Andy
800 1 _aPotter, Jocelyn
942 _cBK
998 _cmartin
999 _c19670
_d19670